K problematike sociálneho bývania v Slovenskej republike a vo vybraných krajinách Európskej únie

Sociálne bývanie a jeho makroekonomické väzby. Sociálne bývanie a jeho vnímanie vo vybraných krajinách. Sociálne bývanie a jeho budúcnosť v Slovenskej republike a v Európe. Podiel obecných nájomných bytov na celkovom počte dokončených bytov v SR (v %). Počet podporených bytov vo verejnom nájomnom s...

Descrizione completa

Salvato in:
Dettagli Bibliografici
Autore principale: Vidová, Jarmila, 1967-
Natura: Capitolo di libro
Lingua:slovacco
Soggetti:
Tags: Aggiungi Tag
Nessun Tag, puoi essere il primo ad aggiungerne!!

MARC

LEADER 00000naa a2200000 4500
001 0256715
005 20240717114112.0
041 0 |a slo 
044 |a SK 
245 1 0 |a K problematike sociálneho bývania v Slovenskej republike a vo vybraných krajinách Európskej únie  |c Jarmila Vidová 
520 |a Sociálne bývanie a jeho makroekonomické väzby. Sociálne bývanie a jeho vnímanie vo vybraných krajinách. Sociálne bývanie a jeho budúcnosť v Slovenskej republike a v Európe. Podiel obecných nájomných bytov na celkovom počte dokončených bytov v SR (v %). Počet podporených bytov vo verejnom nájomnom sektore v SR. 
610 2 0 |a byty sociálne 
610 2 0 |a byty obecné 
610 2 0 |a politika bytová 
610 2 0 |a Slovensko 
610 2 0 |a Európa 
100 1 |a Vidová, Jarmila, 1967-